000 00498nam a2200181Ia 4500
008 151018s9999 xx 000 0 und d
082 _bRBASDV44194
_a891.463
100 _aप्रभाकर भोगले
245 _aसुमा
250 _b1
260 _bमेघना
_c2007
300 _a332
600 _aप्रभाकर भोगले
630 _aसुमा
700 _aप्रभाकर भोगले
730 _aसुमा
942 _cBOOK
999 _c1043392
_d1043389